World of Warcraft - Northrend Locations Quiz Stats

Quiz not verified by Sporcle

Also try: Which Baldwin?
Challenge
Share
Tweet
http://mapwow.com/blog/uploaded_images/northrend/map-760638.png
Score 0/12 Timer 04:00
0 Plays Today
Main Features The Location % Correct
Home to JoustingIcecrown
98.3%
As the name implies, there a grizzle bearsGrizzly Hills
94.1%
Ulduar is the far northStorm Peaks
93.3%
Large fjord cutting uo to middleHowling Fjord
93.3%
Floating cityDalaran
92.4%
Home to the DragonsDragonblight
89.9%
Home to Warsong Hold and Valiance KeepBorean Tundra
89.1%
Perpetual BattlegroundWintergrasp
88.2%
Home to the large cityCrystalsong
84.9%
Scouge rules hereZul'Drak
78.2%
Home of the Oracles and WolvarSholazar Basin
75.6%
Very little, really it's an island of the north coast of the second answerHrothgar's Landing
35.3%

You're not logged in!

Compare scores with friends on all Sporcle quizzes.
Join for Free
OR
Log In

You Might Also Like...

Show Comments

Extras

Top Quizzes Today


Score Distribution

Your Account Isn't Verified!

In order to create a playlist on Sporcle, you need to verify the email address you used during registration. Go to your Sporcle Settings to finish the process.

Report this User

Report this user for behavior that violates our Community Guidelines.

Details: